Fundamentals of Digital Circuits. 4th Ed. (Record no. 21485)
[ view plain ]
| 000 -LEADER | |
|---|---|
| fixed length control field | 00332nam a22001337a 4500 |
| 008 - FIXED-LENGTH DATA ELEMENTS--GENERAL INFORMATION | |
| fixed length control field | 250917b |||||||| |||| 00| 0 eng d |
| 020 ## - INTERNATIONAL STANDARD BOOK NUMBER | |
| ISBN | 978-81-203-5268-1 |
| 100 ## - MAIN ENTRY--AUTHOR NAME | |
| Personal name | A.Anand Kumar |
| 245 ## - TITLE STATEMENT | |
| Title | Fundamentals of Digital Circuits. 4th Ed. |
| 250 ## - EDITION STATEMENT | |
| Edition statement | 4th Ed. |
| 260 ## - PUBLICATION, DISTRIBUTION, ETC. (IMPRINT) | |
| Place of publication | Delhi |
| Name of publisher | PHI |
| Year of publication | 2024 |
| 300 ## - PHYSICAL DESCRIPTION | |
| Number of Pages | 1070 |
| 942 ## - ADDED ENTRY ELEMENTS (KOHA) | |
| Source of classification or shelving scheme | Dewey Decimal Classification |
| Koha item type | Books |
| Accession Number | Cost, normal purchase price | Bill Date | Source of acquisition | Price effective from | Koha item type | Withdrawn / writtenoff status | Materials specified (bound volume or other part) | Damaged status | Not for loan | Permanent Location | Current Location | Shelving location | Date acquired | Lost/ Missing status | department |
|---|---|---|---|---|---|---|---|---|---|---|---|---|---|---|---|
| M 4815 | 1195.00 | 8-09-2025 | ABD Jammu | 09/17/2025 | Books | Not For Loan | MIET Library, Jammu | MIET Library, Jammu | 26/6 | 09/08/2025 | MCA | ||||
| M 4816 | 1195.00 | 8-09-2025 | ABD Jammu | 09/17/2025 | Books | MIET Library, Jammu | MIET Library, Jammu | 95/4 | 09/08/2025 | MCA | |||||
| M 4817 | 1195.00 | 8-09-2025 | ABD Jammu | 09/17/2025 | Books | MIET Library, Jammu | MIET Library, Jammu | 95/4 | 09/08/2025 | MCA |